[Event "BCF-chT3 0809 (4NCL)"]
[Site "Hinckley Island"]
[Date "2009.02.08"]
[Round "6.5"]
[White "St Clair, Allan"]
[Black "Downham, Alan"]
[Result "1/2-1/2"]
[WhiteElo "1941"]
[BlackElo "1995"]
[PlyCount "125"]
[EventDate "2008.10.18"]
[EventType "team-swiss"]
[EventRounds "11"]
[EventCountry "ENG"]
[SourceTitle "EXT 2010"]
[Source "ChessBase"]
[SourceDate "2010.11.25"]
[SourceVersion "1"]
[SourceVersionDate "2010.11.25"]
[SourceQuality "1"]
[WhiteTeam "FPONTY"]
[BlackTeam "ICENI"]
[WhiteTeamCountry "ENG"]
[BlackTeamCountry "ENG"]

1. d4 d5 2. Nf3 c6 3. c3 Bf5 4. Bf4 e6 5. Qb3 Qb6 6. e3 Be7 7. Nbd2 Nf6 8. Be2 Nbd7 9. Ne5 Nxe5 10. Bxe5 0-0 11. 0-0 Nd7 12. Bg3 c5 13. f3 Bg6 14. f4 Rac8 15. Bf3 Bd3 16. Rfe1 f5 17. Be2 Bxe2 18. Rxe2 Qa6 19. Ree1 c4 20. Qc2 b5 21. a3 Qb6 22. Ra2 a5 23. Rea1 Rc6 24. Nf3 Rfc8 25. Ne5 Nxe5 26. fxe5 Qb7 27. h3 Ra6 28. Be1 Rca8 29. Bd2 g5 30. g4 fxg4 31. hxg4 Rf8 32. Kg2 Bd8 33. Rf1 Rxf1 34. Kxf1 Qf7+ 35. Kg2 Kg7 36. Ra1 Qg6 37. Qxg6+ Kxg6 38. Kg3 Be7 39. Kf3 Ra8 40. Kg3 Rf8 41. Rh1 Rf7 42. Be1 Kg7 43. Bf2 b4 44. axb4 axb4 45. Ra1 bxc3 46. bxc3 Rf8 47. Ra7 Kf7 48. Be1 Rb8 49. Bd2 Rb2 50. Bc1 Rb3 51. Bd2 Ra3 52. Rxa3 Bxa3 53. e4 h6 54. exd5 exd5 55. Kf3 Kg6 56. Kg3 Bb2 57. Kf3 Ba3 58. Kg3 Be7 59. Kf3 Kf7 60. Bc1 Ke6 61. Bd2 Kd7 62. Ke2 Ke6 63. Kf3 1/2-1/2

[Event "WLS-chT 0607"]
[Site "Wales"]
[Date "2007.02.28"]
[Round "5"]
[White "St Clair, Allan"]
[Black "Bennett, Alan"]
[Result "0-1"]
[WhiteElo "1826"]
[BlackElo "2039"]
[PlyCount "60"]
[EventDate "2006.09.26"]
[EventType "tourn"]
[EventRounds "7"]
[EventCountry "WLS"]
[SourceTitle "EXT 2010"]
[Source "ChessBase"]
[SourceDate "2010.11.25"]
[SourceVersion "1"]
[SourceVersionDate "2010.11.25"]
[SourceQuality "1"]

1. d4 d5 2. Bf4 Nf6 3. e3 c5 4. c3 Nc6 5. Bd3 Qb6 6. Qc1 Bg4 7. Nd2 e6 8. Ngf3 Be7 9. Ne5 Bh5 10. Ndf3 Rc8 11. Nxc6 bxc6 12. dxc5 Qxc5 13. 0-0 Bxf3 14. gxf3 Qb6 15. Qd2 0-0 16. Kh1 Nh5 17. Bg3 Nxg3+ 18. fxg3 e5 19. e4 Rfd8 20. Qe2 d4 21. c4 Rb8 22. Rf2 Rb7 23. Rc1 Rdb8 24. Rc2 Qa5 25. a3 Rb3 26. f4 Qc7 27. f5 Bg5 28. Rg2 Be3 29. g4 Qe7 30. Qf3 Rxd3 0-1

[Event "BCF-chT4 0607 (4NCL)"]
[Site "Sunningdale"]
[Date "2007.02.11"]
[Round "6.4"]
[White "St Clair, Allan"]
[Black "Grant, David"]
[Result "1/2-1/2"]
[WhiteElo "1826"]
[BlackElo "1920"]
[PlyCount "63"]
[EventDate "2006.09.16"]
[EventType "team-tourn"]
[EventRounds "11"]
[EventCountry "ENG"]
[SourceTitle "EXT 2008"]
[Source "ChessBase"]
[SourceDate "2007.11.25"]
[SourceVersion "1"]
[SourceVersionDate "2007.11.25"]
[SourceQuality "1"]
[WhiteTeam "Pontypridd"]
[BlackTeam "Warwicks Select II"]
[WhiteTeamCountry "ENG"]
[BlackTeamCountry "ENG"]

1. d4 Nf6 2. Bf4 g6 3. Nf3 Bg7 4. c3 0-0 5. e3 b6 6. Bd3 Bb7 7. Nbd2 d5 8. Qc2 c5 9. Ne5 Nc6 10. Bb5 Nxe5 11. Bxe5 a6 12. Be2 Nd7 13. Bxg7 Kxg7 14. f4 f6 15. Nf3 Re8 16. 0-0 e5 17. Rae1 e4 18. Nh4 cxd4 19. exd4 b5 20. g3 Rc8 21. a3 Qb6 22. Qd2 Rc7 23. Ng2 Rec8 24. Ne3 Qc6 25. Bd1 a5 26. Bb3 Nb6 27. Nc2 Nc4 28. Bxc4 bxc4 29. Ne3 Rb8 30. Rf2 Bc8 31. Ree2 Rcb7 32. Qc1 1/2-1/2

[Event "WLS-ch Major"]
[Site "Cardiff"]
[Date "2004.04.11"]
[Round "5"]
[White "O'Grady, Jim"]
[Black "St Clair, Allan"]
[Result "1-0"]
[WhiteElo "1663"]
[BlackElo "1874"]
[PlyCount "107"]
[EventDate "2004.04.09"]
[EventType "swiss"]
[EventRounds "7"]
[EventCountry "WLS"]
[SourceTitle "EXT 2006"]
[Source "ChessBase"]
[SourceDate "2005.11.24"]
[SourceVersion "1"]
[SourceVersionDate "2005.11.24"]
[SourceQuality "1"]

1. e4 e5 2. Nf3 Nc6 3. Bb5 a6 4. Ba4 Nf6 5. Bxc6 dxc6 6. 0-0 Bd6 7. Re1 Bg4 8. h3 Bh5 9. d3 Qd7 10. Nbd2 0-0-0 11. b3 Qe7 12. Bb2 Nd7 13. g4 Bg6 14. Nc4 h5 15. Nxd6+ cxd6 16. Kg2 hxg4 17. hxg4 Rh7 18. Rh1 Rdh8 19. Rxh7 Rxh7 20. Qd2 Qe6 21. Nh2 d5 22. f3 Qe7 23. Rh1 Qh4 24. Kg1 f6 25. Bc1 dxe4 26. dxe4 Qg3+ 27. Qg2 Qe1+ 28. Qf1 Qa5 29. a4 Nc5 30. Qc4 Qe1+ 31. Kg2 Qh4 32. Qxc5 Qh3+ 33. Kf2 Qh4+ 34. Ke2 Qh3 35. Qg1 f5 36. exf5 Bf7 37. Bg5 Bd5 38. Qf1 Qg3 39. Qf2 Bxf3+ 40. Qxf3 Rxh2+ 41. Rxh2 Qxh2+ 42. Qf2 Qh1 43. Qf3 Qh2+ 44. Kd3 Qg1 45. Be3 Qh2 46. Qe4 Qh3 47. Qxe5 Qxg4 48. Bf4 Qf3+ 49. Kd2 Qf2+ 50. Kc3 Kd7 51. Qxg7+ Ke8 52. Qe5+ Kf8 53. f6 Qf3+ 54. Kb2 1-0

[Event "BCF-chT4 0304 (4NCL)"]
[Site "West Bromwich "]
[Date "2004.01.24"]
[Round "3.4"]
[White "St Clair, Allan"]
[Black "Parmar, Amisha"]
[Result "1-0"]
[WhiteElo "1874"]
[BlackElo "1384"]
[PlyCount "127"]
[EventDate "2003.10.??"]
[EventType "team-tourn"]
[EventRounds "11"]
[EventCountry "ENG"]
[SourceTitle "EXT 2005"]
[Source "ChessBase"]
[SourceDate "2004.11.15"]
[SourceVersion "1"]
[SourceVersionDate "2004.11.15"]
[SourceQuality "1"]
[WhiteTeam "Nidum Liberals II"]
[BlackTeam "Hilsmark Kingfisher III"]
[WhiteTeamCountry "ENG"]
[BlackTeamCountry "ENG"]

1. d4 Nf6 2. Nf3 g6 3. Bf4 Bg7 4. e3 0-0 5. Bd3 d6 6. c3 Nbd7 7. h4 c5 8. Nbd2 a6 9. h5 Nxh5 10. Rxh5 gxh5 11. Qc2 h6 12. 0-0-0 Qa5 13. a3 b5 14. Rh1 Nf6 15. dxc5 dxc5 16. Ne4 b4 17. Nxf6+ exf6 18. cxb4 cxb4 19. Bc7 Qd5 20. Be4 Qb5 21. Bc6 Bf5 22. e4 Bxe4 23. Qxe4 Qc5+ 24. Kb1 Rac8 25. Rc1 Qxf2 26. Bd7 bxa3 27. Qc2 Qxc2+ 28. Rxc2 Ra8 29. bxa3 Ra7 30. Nd4 Rb7+ 31. Ka2 Kh8 32. Nf5 Kh7 33. Rc3 Bh8 34. Nd6 Ra7 35. Bf5+ Kg8 36. Ne4 Bg7 37. Nd6 Bh8 38. Nc8 Rxc7 39. Rxc7 Rd8 40. Nb6 Rd2+ 41. Rc2 Rd6 42. Nd7 Rd5 43. Rf2 Rd6 44. Kb3 Bg7 45. Rf3 Rd2 46. Rg3 Rd6 47. Kc4 h4 48. Rg4 Rc6+ 49. Kd5 Rc3 50. a4 h3 51. gxh3 Rf3 52. Ke4 Ra3 53. Nc5 Kh8 54. Bd7 a5 55. Nb7 f5+ 56. Kxf5 Rxh3 57. Nd6 Kg8 58. Ke4 Rh1 59. Nf5 Re1+ 60. Kd5 Rd1+ 61. Kc6 Kf8 62. Nxg7 Ke7 63. Nf5+ Kd8 64. Rg8# 1-0

[Event "South Wales Winter op"]
[Site "Newport"]
[Date "2004.01.04"]
[Round "5"]
[White "Smith, Olivia"]
[Black "St Clair, Allan"]
[Result "1/2-1/2"]
[WhiteElo "1969"]
[BlackElo "1784"]
[PlyCount "36"]
[EventDate "2004.01.02"]
[EventType "swiss"]
[EventRounds "5"]
[EventCountry "WLS"]
[SourceTitle "CBM 103 Extra"]
[Source "ChessBase"]
[SourceDate "2005.01.01"]
[SourceVersion "1"]
[SourceVersionDate "2005.01.01"]
[SourceQuality "1"]

1. e4 d5 2. exd5 Qxd5 3. Nc3 Qa5 4. d4 c6 5. Nf3 Bf5 6. Bd2 Nf6 7. Bc4 e6 8. 0-0 Nbd7 9. Re1 Qc7 10. h3 Bd6 11. Ng5 Nb6 12. Bb3 0-0-0 13. Nf3 Nfd7 14. a4 Nd5 15. Ne2 Nf4 16. Nxf4 Bxf4 17. Qe2 Rhe8 18. Be3 Nf6 1/2-1/2

[Event "BCF-chT4 0304 (4NCL)"]
[Site "West Bromwich "]
[Date "2003.11.22"]
[Round "1.2"]
[White "St Clair, Allan"]
[Black "Dignam, Matthew"]
[Result "0-1"]
[WhiteElo "1874"]
[BlackElo "2167"]
[PlyCount "76"]
[EventDate "2003.10.??"]
[EventType "team-tourn"]
[EventRounds "11"]
[EventCountry "ENG"]
[SourceTitle "EXT 2005"]
[Source "ChessBase"]
[SourceDate "2004.11.15"]
[SourceVersion "1"]
[SourceVersionDate "2004.11.15"]
[SourceQuality "1"]
[WhiteTeam "Nidum Liberals II"]
[BlackTeam "Poisoned Pawns II"]
[WhiteTeamCountry "ENG"]
[BlackTeamCountry "ENG"]

1. d4 b6 2. Nf3 Bb7 3. Bf4 Nf6 4. e3 e6 5. Bd3 Be7 6. c3 0-0 7. Qc2 c5 8. Nbd2 d5 9. Ne5 Nc6 10. 0-0 Rc8 11. dxc5 bxc5 12. Nxc6 Bxc6 13. c4 dxc4 14. Bxc4 Nd5 15. Be5 Bf6 16. Bxf6 Qxf6 17. a3 Rfd8 18. Rac1 Nb6 19. Bd3 h6 20. Be4 Rxd2 21. Qxd2 Bxe4 22. Qa5 Qg5 23. g3 Bf3 24. h3 Qf5 25. Kh2 Be2 26. Qxa7 Bxf1 27. Rxf1 Nd5 28. Qb7 Rf8 29. Qb3 c4 30. Qxc4 Qf3 31. a4 Rd8 32. Qd3 Rb8 33. Qd2 Nf6 34. b4 Ne4 35. Qe1 Rc8 36. a5 Rc2 37. Kg1 Nxg3 38. Qd1 Qh1# 0-1

[Event "South Wales Autumn op"]
[Site "Wales"]
[Date "2003.??.??"]
[Round "2"]
[White "St Clair, Allan"]
[Black "Dodington, Russell H"]
[Result "1-0"]
[WhiteElo "1870"]
[BlackElo "1770"]
[PlyCount "65"]
[EventDate "2003.??.??"]
[EventType "swiss"]
[EventRounds "5"]
[EventCountry "WLS"]
[SourceTitle "EXT 2007"]
[Source "ChessBase"]
[SourceDate "2006.11.23"]
[SourceVersion "1"]
[SourceVersionDate "2006.11.23"]
[SourceQuality "1"]

1. d4 Nf6 2. Nf3 e6 3. Bf4 b6 4. e3 Bb7 5. Bd3 Be7 6. 0-0 d6 7. Nbd2 c5 8. c3 Nh5 9. Re1 cxd4 10. Bb5+ Nd7 11. Nxd4 Nxf4 12. exf4 Qc7 13. a4 a6 14. Bd3 h5 15. f5 e5 16. N4f3 d5 17. Qe2 e4 18. Nd4 Nf6 19. Bc2 Ng4 20. Nf1 Bd6 21. f3 Nxh2 22. fxe4 dxe4 23. Bxe4 0-0-0 24. Bxb7+ Kxb7 25. Qe4+ Kc8 26. Qa8+ Kd7 27. Qxa6 Nxf1 28. Kxf1 Bc5 29. Rad1 Qf4+ 30. Nf3+ Kc6 31. b4 Rxd1 32. Rxd1 Be3 33. Qb5+ 1-0